000 00639nam a2200277Ia 4500
005 20260324135931.0
008 008 260324s9999 xx 000 0 eng d
020 _a9780203015896
037 _aEBOOK
040 _aCRL
040 _beng
040 _cCRL
041 _2eng
041 _aeng
084 _qCRL
100 _aJean Stilwell Peccei; Richard Hudson
_91202481
245 0 _aChild Language
260 _bTaylor and Francis
260 _c1999
365 _a
365 _b180
856 _uhttp://www.taylorfrancis.com/books/9780203015896
942 _cEBOOK
999 _c1804038
_d1804038